00842nam a2200241 a 450000100060000000300080000600500170001400800410003102000150007203500190008704000350010604100080014108200200014924500690016926000720023830000240031050400500033465100430038483000060042770000260043371100960045983000450055532337BD-RjUL20211209051823.0140426s1994 hwu b 101 0 eng d a082481598X a(BD-RjUL)32426 aBD-RjULbengcBD-RjULdBD-RjUL aeng00a951.9bKOR 199400aKorean studies :bnew Pacific currents /cedited by Dae-Sook Suh aHonolulu :bCenter for Korean Studies, University of Hawaii,cc1994 aix, 305 p. ;c24 cm aIncludes bibliographical references and index 0aKorea xStudy and teachingxCongresses 0v11 aSuh, Dae-Sook,d1931-0 aPacific Basin International Conference on Korean Studiesn(1st :d1992 :cHonolulu, Hawaii) 0aPacific Association for Korean Studies ;